000 00379nam a2200157Ia 4500
003 GCL
008 140319s9999 xx 000 0 eng d
040 _aGCL /
_cGCL
082 0 4 _a616.042
_bJ M
100 1 _aJORDE, LYNN
245 1 0 _aMEDICAL GENETICS /
_cJORDE, LYNN
260 _a[S.N] :
_bMOSBY ،
_c1994
300 _a300 P
650 0 4 _aMEDICAL GENETICS
942 _2ddc
_cBK
999 _c11498
_d11498